00257nam a22000977a 4500008004100000020001500041082002000056245006000076260001500136300000800151230731b xxu||||| |||| 00| 0 eng d a9241562366 a362.5bREP 2003 aPoverty and HealthbDAC Guidelines and Reference Series b WHOc2003 a89p